LEADER 03071nam 2200685Ia 450 001 9910815520803321 005 20200520144314.0 010 $a9786612773235 010 $a9781119957652 010 $a1119957656 010 $a9781282773233 010 $a1282773232 010 $a9780470712009 010 $a0470712007 010 $a9780470712016 010 $a0470712015 035 $a(CKB)2670000000044831 035 $a(EBL)589179 035 $a(SSID)ssj0000411484 035 $a(PQKBManifestationID)11305531 035 $a(PQKBTitleCode)TC0000411484 035 $a(PQKBWorkID)10355073 035 $a(PQKB)11115321 035 $a(MiAaPQ)EBC589179 035 $a(OCoLC)777633642 035 $a(Perlego)1013925 035 $a(EXLCZ)992670000000044831 100 $a20100519d2010 uy 0 101 0 $aeng 135 $aur|n|---||||| 181 $ctxt 182 $cc 183 $acr 200 10$aAir travel and health $ea systems perspective /$fAllan Seabridge, Shirley Morgan 210 $aChichester, U.K. $cJohn Wiley & Sons$d2010 215 $a1 online resource (258 p.) 225 1 $aAerospace Series ;$vv.29 300 $aDescription based upon print version of record. 311 08$a9780470711774 311 08$a0470711779 320 $aIncludes bibliographical references and index. 327 $aAir Travel and Health; Contents; About the Authors; Preface; Series Preface; Acknowledgements; Acronyms and Abbreviations; 1 Introduction; 2 Some 'Minor' Ailments; 3 Air Quality; 4 Deep Vein Thrombosis; 5 Noise and Vibration; 6 Exposure to Radiation; 7 Back and Neck Pain; 8 Military Issues; 9 Workstation Use; 10 Regulation and Control of Risks to Health; 11 The Design Process; 12 Summary and Conclusions; Bibliography; Index; Color Plate 330 $aProviding a detailed examination of the issues that affect the long term health of aircrew, cabin crew and passengers, Air Travel and Health offers guidance to engineers designing aircraft in the difficult field of legislation and product liability. Examining the facts, anecdotes and myths associated with health and travel, Seabridge and Morgan draw balanced conclusions on which the aircraft operations and design communities can act to provide cost-effective solutions. The authors present a useful reference for aircrew, regulatory authorities, engineers and managers within the aerospace 410 0$aAerospace Series 606 $aAir travel$xHealth aspects 606 $aAirlines$xEmployees$xHealth and hygiene 606 $aAirplanes$xDesign and construction$xHealth aspects 615 0$aAir travel$xHealth aspects. 615 0$aAirlines$xEmployees$xHealth and hygiene. 615 0$aAirplanes$xDesign and construction$xHealth aspects. 676 $a613.6/8 700 $aSeabridge$b A. G$g(Allan G.)$0510244 701 $aMorgan$b Shirley$01631932 801 0$bMiAaPQ 801 1$bMiAaPQ 801 2$bMiAaPQ 906 $aBOOK 912 $a9910815520803321 996 $aAir travel and health$93970784 997 $aUNINA